| 000 | 01638nam a22004337a 4500 | ||
|---|---|---|---|
| 001 | 000101317 | ||
| 003 | CHAP | ||
| 005 | 20220817044326.0 | ||
| 008 | 100317s2010 mx r 00010 spa d | ||
| 010 | _a97780 | ||
| 011 | _a98752 | ||
| 035 | _a109437 | ||
| 040 | _cCHAP | ||
| 090 | _aTesis | ||
| 100 | 1 |
_aGarcía Medrano, Felipe de Jesús. _946289 |
|
| 245 | 1 | 0 |
_aEstudio taxonómico de Netelia Gray (Hymenoptera: Ichneumonidae: Tryphoninae) en Huasca de Ocampo, Estado de Hidalgo / _c/por Felipe de Jesús García Mendrano. |
| 260 |
_aChapingo, Méx. : _bEl autor, _c2010. |
||
| 300 |
_avi, 68 h. : _bilus. |
||
| 502 | _aTesis (Ing. Agr. Esp. en Parasitología Agrícola) - UACH. Departamento de Parasitología Agrícola | ||
| 530 | _aTambién disponible en línea | ||
| 590 |
_aALEPH _b10 _c20130110 _lUCH01 _h1532 |
||
| 590 |
_aBATCH-UPD _b10 _c20130110 _lUCH01 _h0907 |
||
| 590 |
_aBATCH-UPD _b10 _c20130410 _lUCH01 _h0534 |
||
| 590 |
_aBATCH-UPD _b10 _c20130914 _lUCH01 _h1530 |
||
| 590 |
_aBATCH-UPD _b10 _c20140324 _lUCH01 _h1514 |
||
| 590 |
_aBATCH-UPD _b10 _c20141002 _lUCH01 _h0841 |
||
| 590 |
_aCONVERSION _b10 _c20130109 _lUCH01 _h1354 |
||
| 590 |
_aE11695DGD _b10 _c20160504 _lUCH01 _h1438 |
||
| 650 | 0 | 4 | _aHymenoptera. |
| 650 | 0 | 4 |
_aIchneumonidae. _957270 |
| 650 | 0 | 4 |
_aInsectos parásitos y predatores. _958961 |
| 650 | 0 | 4 |
_aParasitoides. _985467 |
| 856 |
_3Finding aid _uhttp://10.13.5.2/tesis/109437.pdf _zTeclea aqui |
||
| 901 | _aBK | ||
| 942 | _cFOLL | ||
| 942 | _n0 | ||
| 949 |
_bBC _cTES _d33724002173413 _eTS1 _gDonaciØn _h50577 _i109437 _sb |
||
| 949 |
_bBC _cTES _d33724002173454 _eTS2 _fc.2 _gDonaciØn _h50578 _i109437 _sb |
||
| 999 |
_c97780 _d97780 |
||